00521nam a2200193Ia 4500008004100000020001800041050001400059100002300073245003400096245005500130260001500185260001600200260000900216300001500225300002700240300001000267440004200277500000800319170918s9999 xx 000 0 und d a9780375812477 bH318 2003 aHarrison, David L. aJohnny appleseed : my story / cDavid L. Harrison ; illustrated by Mike Wohnoutka. aNew York : bScholastic, c2003 a48 pages : bcolored illustration ; c23cm. aStep into reading on your own step 3. a200